000 02134cam a2200613 a 4500
999 _c24150
_d24150
001 vtls010113583
005 20260226100631.0
008 240318s2010 xo o g 000 faslo
020 _a9788055122472
_q(viaz.)
035 _a81E71915-89D2-4524-B072-6DD148DD80FF
035 _aurn:nbn:sk:snk-amkal2
035 _aurn:nbn:sk:snk-am003qnp
040 _aSNK
_bslo
_cSNK
_eAACR2
041 1 _aslo
_heng
044 _axo
_cSK
072 7 _a821.111-3
_xAnglická próza, anglicky písaná
_2konspekt
072 7 _a929
_xBiografie
_2konspekt
080 _a821.111-31
_22001
080 _a(0:82-312.6)
_22001
080 _a687.5.01-055.2
_22001
080 _a32-055.2
_22001
080 _a342.726-055.2
_22001
080 _a(73)
_22001
080 _a(677)
_22001
080 _a308
_22001
080 _a392.15
_22001
100 1 _aDirie, Waris,
_d1965-
_4aut
_95456
240 1 0 _aDesert flower
_lSlovensky
245 1 0 _aPúštny kvet
_bneobyčajné putovanie somálskej kočovnice
_cWaris Dirieová, Cathleen Millerová ; [z anglického originálu preložila Andrea Cániková]
250 _a2. vyd.
260 _aBratislava
_bIkar
_c2010
300 _a240 s., [8] s. fotogr. príl.
_bfotogr.
_c24 cm
600 1 7 _aDirie, Waris,
_d1965-
_2SNKMA
_95456
648 7 _a20.-21. stor.
_2SNKPH
_91821
648 7 _a20th-21st centuries
_2SNKPHeng
_91822
650 0 7 _aženy
_2SNKPH
_91873
650 0 7 _aobriezka u žien
_2SNKPH
_95457
650 0 7 _apráva žien
_2SNKPH
_95458
650 0 7 _amodelky
_2SNKPHeng
_95459
650 0 7 _aWomen's rights2SNKPHeng
_95460
650 0 7 _aFemale circumcision
_2SNKPHeng
_95461
650 0 7 _aFemale models
_2SNKPHeng
_95462
651 7 _aSomálsko
_2SNKPHgeo
_95463
651 7 _aSomalia
_2SNKPHeng
_95464
655 7 _aautobiografické romány
_2SNKPH
_91743
655 7 _aanglicky písané romány
_2SNKPH
_93616
655 7 _aStories in English
_2SNKPHeng
_95465
655 7 _aAutobiographical stories
_2SNKPHeng
_92148
700 1 _aMiller, Cathleen
_4aut
_95466
700 1 _aCániková, Andrea,
_d1966-
_4trl
_94876
958 _aUP
958 _aLX